The Beatles - Revolver - Statistics

General Stats
  • This quiz has been taken 89 times
  • The average score is 11 of 14
Answer Stats
Hint Answer % Correct
1 Taxman
98%
2 Eleanor Rigby
97%
14 Tomorrow Never Knows
85%
3 I'm Only Sleeping
84%
5 Here, There and Everywhere
82%
6 Yellow Submarine
82%
11 Doctor Robert
81%
10 For No One
81%
9 And Your Bird Can Sing
79%
13 Got To Get You Into My Life
79%
7 She Said She Said
79%
4 Love You To
76%
8 Good Day Sunshine
71%
12 I Want To Tell You
63%
No matching quizzes found
Score Distribution
Percent of People with Each Score
Percentile by Number Answered
Your Score History
You have not taken this quiz